Control de la producción

Gardado en:
Detalles Bibliográficos
Autor Principal: Moore, Franklin G. (autor)
Formato: Libro
Idioma:Lingua castelá
Publicado: Madrid Del Castillo 1965
Edición:2a. ed
Subjects:
Tags: Engadir etiqueta
Sen Etiquetas, Sexa o primeiro en etiquetar este rexistro!

MARC

LEADER 00000nam a2200000 a 4500
001 UCP2805
003 CL-VaPUC
008 990531e19650000SP |||||||||||||||||spa|d
082 0 4 |a 658.562  |b MOO  |2 21 
100 |a Moore, Franklin G.  |e autor  |9 429778 
245 1 0 |a Control de la producción 
250 |a 2a. ed 
300 |a 677 p 
942 |c BK 
945 |d 19990531 00:00:00  |a cmena 
260 |a Madrid  |b Del Castillo  |c 1965 
650 7 |a CONTROL DE PRODUCCION  |2 CL-VaPUC  |9 271421 
650 0 |a Producción  |x Planificación  |9 260672 
650 0 |a Gestión de la producción   |9 259467 
650 0 |a Control automático  |9 259890 
583 |a last modification  |c 19990531 00:00:00  |k Rodrigo Vera 
999 |c 281275  |d 281273